市の名前が入る駅(関東) - Statistics

General Stats
  • This quiz has been taken 49 times
  • The average score is 312 of 511
Answer Stats
Hint Hint Answer % Correct
水戸 茨城 水戸
97%
日立 茨城 日立
89%
土浦 茨城 土浦
89%
石岡 茨城 石岡
89%
下妻 茨城 下妻
89%
高萩 茨城 高萩
89%
笠間 茨城 笠間
89%
取手 茨城 取手
89%
牛久 茨城 牛久
89%
つくば 茨城 つくば
89%
桜川 大阪 | 滋賀 桜川
89%
足利 栃木 足利
89%
佐野 栃木 佐野
89%
小山 栃木 小山
89%
古河 茨城 古河
86%
結城 茨城 結城
86%
太田 | 常陸太田 茨城 常陸太田
86%
潮来 茨城 潮来
86%
守谷 茨城 守谷
86%
常陸大宮 茨城 常陸大宮
86%
宇都宮 栃木 宇都宮
86%
栃木 栃木 栃木
86%
鹿沼 栃木 鹿沼
86%
日光 栃木 日光
86%
日光 栃木 東武日光
86%
真岡 栃木 真岡
86%
野田 大阪 野田
86%
龍ケ崎 茨城 龍ケ崎市
83%
足利 栃木 足利市
83%
栃木 栃木 新栃木
83%
矢板 栃木 矢板
83%
那須塩原 栃木 那須塩原
83%
前橋 群馬 新前橋
83%
前橋 群馬 前橋
83%
桐生 群馬 桐生
83%
船橋 千葉 船橋
83%
木更津 千葉 木更津
83%
松戸 千葉 松戸
83%
成田 千葉 成田
83%
北海道 旭川
83%
千葉 | 高知
83%
習志野 千葉 習志野
83%
千葉
83%
守谷 茨城 新守谷
81%
鹿沼 栃木 新鹿沼
81%
高崎 群馬 高崎
81%
千葉 千葉 千葉
81%
館山 千葉 館山
81%
松戸 千葉 北松戸
81%
松戸 千葉 東松戸
81%
茂原 千葉 茂原
81%
佐倉 千葉 佐倉
81%
東金 千葉 東金
81%
勝浦 千葉 勝浦
81%
浦安 千葉 | 鳥取 浦安
81%
結城 茨城 東結城
78%
宇都宮 栃木 東武宇都宮
78%
佐野 栃木 佐野市
78%
小山 東京 武蔵小山
78%
小山 静岡 駿河小山
78%
太田 群馬 | 香川 太田
78%
沼田 群馬 沼田
78%
所沢 埼玉 所沢
78%
市川 千葉 市川
78%
船橋 千葉 西船橋
78%
松戸 千葉 新松戸
78%
野田 千葉 野田市
78%
成田 千葉 成田空港
78%
北海道 新旭川
78%
滋賀 新旭
78%
習志野 千葉 新習志野
78%
白井 千葉 白井
78%
八王子 東京 八王子
78%
立川 東京 立川
78%
三鷹 東京 三鷹
78%
青梅 東京 青梅
78%
府中 広島 | 徳島 | 東京 府中
78%
調布 東京 調布
78%
町田 東京 町田
78%
日野 東京 | 滋賀 | 長野 日野
78%
国分寺 東京 国分寺
78%
国立 東京 国立
78%
福生 東京 福生
78%
狛江 東京 狛江
78%
清瀬 東京 清瀬
78%
東久留米 東京 東久留米
78%
稲城 東京 稲城
78%
古河 埼玉 新古河
75%
高萩 埼玉 武蔵高萩
75%
取手 茨城 新取手
75%
佐野 大阪 泉佐野
75%
伊勢崎 群馬 伊勢崎
75%
渋川 群馬 渋川
75%
富岡 福島 富岡
75%
安中 群馬 安中榛名
75%
安中 群馬 安中
75%
川越 埼玉 川越
75%
川口 埼玉 川口
75%
行田 埼玉 行田
75%
秩父 埼玉 秩父
75%
飯能 埼玉 飯能
75%
加須 埼玉 加須
75%
本庄 埼玉 本庄早稲田
75%
本庄 埼玉 本庄
75%
東松山 埼玉 東松山
75%
春日部 埼玉 春日部
75%
狭山 埼玉 狭山市
75%
狭山 大阪 狭山
75%
上尾 埼玉 上尾
75%
草加 埼玉 草加
75%
越谷 埼玉 越谷
75%
埼玉
75%
戸田 埼玉 | 山口 | 愛知 戸田
75%
朝霞 埼玉 朝霞
75%
志木 埼玉 志木
75%
和光 埼玉 和光市
75%
桶川 埼玉 桶川
75%
久喜 埼玉 久喜
75%
北本 埼玉 北本
75%
八潮 埼玉 八潮
75%
富士見 長野 富士見
75%
三郷 埼玉 | 奈良 | 愛知 三郷
75%
蓮田 埼玉 蓮田
75%
坂戸 埼玉 坂戸
75%
幸手 埼玉 幸手
75%
鶴ヶ島 埼玉 鶴ヶ島
75%
吉川 埼玉 吉川
75%
ふじみ野 埼玉 ふじみ野
75%
白岡 埼玉 白岡
75%
千葉 千葉 西千葉
75%
銚子 千葉 銚子
75%
船橋 千葉 東船橋
75%
佐倉 千葉 京成佐倉
75%
習志野 千葉 北習志野
75%
千葉 南柏
75%
勝浦 和歌山 紀伊勝浦
75%
流山 千葉 流山
75%
我孫子 千葉 我孫子
75%
鎌ヶ谷 千葉 鎌ヶ谷
75%
君津 千葉 君津
75%
四街道 千葉 四街道
75%
袖ヶ浦 千葉 袖ヶ浦
75%
八街 千葉 八街
75%
香取 千葉 香取
75%
八王子 東京 西八王子
75%
府中 東京 府中本町
75%
昭島 東京 昭島
75%
小金井 東京 武蔵小金井
75%
小平 東京 小平
75%
東村山 東京 東村山
75%
国分寺 東京 西国分寺
75%
羽村 東京 羽村
75%
横浜 神奈川 横浜
75%
川崎 神奈川 川崎
75%
相模原 神奈川 相模原
75%
横須賀 神奈川 横須賀
75%
平塚 神奈川 平塚
75%
鎌倉 神奈川 鎌倉
75%
藤沢 神奈川 藤沢
75%
小田原 神奈川 小田原
75%
逗子 神奈川 逗子
75%
三浦 岡山 三浦
75%
秦野 神奈川 秦野
75%
大和 神奈川 | 茨城 大和
75%
伊勢原 神奈川 伊勢原
75%
海老名 神奈川 海老名
75%
座間 神奈川 座間
75%
綾瀬 東京 綾瀬
75%
鉾田 茨城 新鉾田
72%
鹿沼 栃木 北鹿沼
72%
館林 群馬 館林
72%
藤岡 栃木 藤岡
72%
川口 埼玉 西川口
72%
行田 埼玉 行田市
72%
羽生 埼玉 羽生
72%
鴻巣 埼玉 鴻巣
72%
入間 埼玉 入間市
72%
新座 埼玉 新座
72%
千葉 千葉 千葉みなと
72%
千葉 千葉 本千葉
72%
千葉 千葉 京成千葉
72%
成田 千葉 京成成田
72%
北海道 東旭川
72%
千葉 北柏
72%
新潟 柏崎
72%
流山 千葉 流山おおたかの森
72%
八千代 千葉 八千代台
72%
印西 千葉 印西牧の原
72%
八王子 東京 北八王子
72%
立川 東京 西立川
72%
青梅 東京 東青梅
72%
府中 東京 北府中
72%
小金井 栃木 小金井
72%
大和 | 東大和 東京 東大和市
72%
横浜 神奈川 新横浜
72%
茅ヶ崎 神奈川 茅ヶ崎
72%
三浦 神奈川 三浦海岸
72%
厚木 神奈川 厚木
72%
厚木 神奈川 本厚木
72%
水戸 茨城 東水戸
69%
牛久 千葉 上総牛久
69%
宇都宮 栃木 南宇都宮
69%
さくら 兵庫 さくら夙川
69%
前橋 群馬 中央前橋
69%
高崎 群馬 高崎問屋町
69%
桐生 群馬 西桐生
69%
さいたま 埼玉 さいたま新都心
69%
川越 埼玉 川越市
69%
川越 埼玉 本川越
69%
熊谷 埼玉 熊谷
69%
秩父 北海道 秩父別
69%
秩父 埼玉 西武秩父
69%
春日部 埼玉 北春日部
69%
鴻巣 埼玉 北鴻巣
69%
深谷 埼玉 深谷
69%
越谷 埼玉 新越谷
69%
朝霞 埼玉 北朝霞
69%
朝霞 埼玉 朝霞台
69%
三郷 埼玉 新三郷
69%
三郷 埼玉 三郷中央
69%
吉川 埼玉 吉川美南
69%
白岡 埼玉 新白岡
69%
船橋 千葉 南船橋
69%
船橋 千葉 船橋法典
69%
船橋 千葉 京成船橋
69%
佐倉 千葉 大佐倉
69%
市原 京都 市原
69%
鴨川 千葉 安房鴨川
69%
鴨川 香川 鴨川
69%
鎌ヶ谷 千葉 新鎌ヶ谷
69%
浦安 千葉 新浦安
69%
八王子 東京 京王八王子
69%
調布 東京 西調布
69%
小平 東京 新小平
69%
福生 東京 東福生
69%
横須賀 神奈川 横須賀中央
69%
茅ヶ崎 神奈川 北茅ヶ崎
69%
逗子 神奈川 東逗子
69%
逗子 神奈川 逗子・葉山
69%
取手 茨城 西取手
67%
那珂 茨城 那珂湊
67%
高崎 群馬 北高崎
67%
伊勢崎 群馬 新伊勢崎
67%
沼田 北海道 石狩沼田
67%
川越 埼玉 西川越
67%
川口 埼玉 東川口
67%
所沢 埼玉 東所沢
67%
飯能 埼玉 東飯能
67%
上尾 埼玉 北上尾
67%
越谷 埼玉 南越谷
67%
越谷 埼玉 越谷レイクタウン
67%
越谷 埼玉 北越谷
67%
戸田 埼玉 戸田公園
67%
坂戸 埼玉 北坂戸
67%
千葉 千葉 東千葉
67%
千葉 千葉 千葉中央
67%
千葉 千葉 千葉寺
67%
市川 千葉 市川大野
67%
船橋 千葉 船橋競馬場
67%
野田 山口 小野田
67%
茂原 千葉 新茂原
67%
成田 千葉 東成田
67%
流山 千葉 南流山
67%
我孫子 千葉 東我孫子
67%
武蔵野 東京 武蔵野台
67%
多摩 東京 多摩センター
67%
川崎 神奈川 新川崎
67%
鎌倉 神奈川 北鎌倉
67%
綾瀬 東京 北綾瀬
67%
守谷 茨城 南守谷
64%
さくら 秋田 井川さくら
64%
桐生 群馬 新桐生
64%
藤岡 群馬 群馬藤岡
64%
みどり 茨城 みどりの
64%
所沢 埼玉 西所沢
64%
所沢 埼玉 新所沢
64%
戸田 埼玉 北戸田
64%
北海道 旭川四条
64%
千葉 柏の葉キャンパス
64%
兵庫 | 大阪 | 滋賀 柏原
64%
八王子 東京 八王子みなみ野
64%
府中 東京 東府中
64%
小金井 東京 東小金井
64%
国立 東京 西国立
64%
多摩 東京 京王多摩センター
64%
多摩 東京 多摩川
64%
多摩 東京 小田急多摩センター
64%
横浜 青森 陸奥横浜
64%
相模原 神奈川 小田急相模原
64%
大和 奈良 大和西大寺
64%
大和 奈良 大和八木
64%
宇都宮 栃木 宇都宮駅東口
61%
高崎 群馬 南高崎
61%
太田 岐阜 美濃太田
61%
川口 埼玉 川口元郷
61%
船橋 東京 千歳船橋
61%
野田 大阪 野田阪神
61%
成田 千葉 成田湯川
61%
八千代 千葉 八千代中央
61%
立川 東京 立川北
61%
立川 東京 立川南
61%
府中 東京 府中競馬正門前
61%
稲城 東京 稲城長沼
61%
川崎 神奈川 京急川崎
61%
川崎 神奈川 川崎大師
61%
佐野 大阪 東佐野
58%
小山 東京 西小山
58%
真岡 栃木 北真岡
58%
藤岡 群馬 北藤岡
58%
川口 新潟 越後川口
58%
秩父 北海道 北秩父別
58%
富士見 東京 富士見台
58%
千葉 千葉 新千葉
58%
銚子 千葉 本銚子
58%
松戸 千葉 松戸新田
58%
東金 石川 東金沢
58%
千葉 新柏
58%
我孫子 大阪 我孫子町
58%
鎌ヶ谷 千葉 鎌ヶ谷大仏
58%
白井 千葉 西白井
58%
三鷹 東京 三鷹台
58%
町田 東京 南町田グランベリーパーク
58%
国立 東京 国立競技場
58%
横浜 神奈川 西横浜
58%
横須賀 愛知 尾張横須賀
58%
藤沢 神奈川 藤沢本町
58%
大和 奈良 大和高田
58%
さくら 山形 さくらんぼ東根
56%
太田 愛知 太田川
56%
富岡 群馬 上州富岡
56%
狭山 埼玉 狭山ヶ丘
56%
野田 大阪 北野田
56%
千葉 柏たなか
56%
八千代 千葉 八千代緑が丘
56%
府中 大阪 和泉府中
56%
横浜 神奈川 北新横浜
56%
川崎 神奈川 浜川崎
56%
鎌倉 神奈川 鎌倉高校前
56%
笠間 石川 加賀笠間
53%
太田 神奈川 南太田
53%
富岡 群馬 西富岡
53%
川越 三重 川越富洲原
53%
狭山 大阪 大阪狭山市
53%
羽生 埼玉 西羽生
53%
千葉 千葉 千葉ニュータウン中央
53%
市川 千葉 市川塩浜
53%
市川 千葉 市川真間
53%
船橋 千葉 船橋日大前
53%
立川 東京 西武立川
53%
小金井 東京 新小金井
53%
藤沢 埼玉 武蔵藤沢
53%
大和 埼玉 | 大阪 | 静岡 大和田
53%
下野 栃木 下野大沢
50%
前橋 群馬 前橋大島
50%
高崎 宮崎 東高崎
50%
富岡 群馬 東富岡
50%
みどり 千葉 みどり台
50%
羽生 埼玉 南羽生
50%
富士見 東京 富士見ヶ丘
50%
市川 山梨 市川大門
50%
野田 山口 南小野田
50%
愛知 尾張旭
50%
沖縄 旭橋
50%
新潟 東柏崎
50%
小金井 東京 花小金井
50%
国分寺 長野 信濃国分寺
50%
大和 山梨 甲斐大和
50%
大和 奈良 大和小泉
50%
下野 栃木 下野花岡
47%
富岡 神奈川 京急富岡
47%
川口 福島 会津川口
47%
行田 埼玉 東行田
47%
狭山 埼玉 新狭山
47%
船橋 千葉 新船橋
47%
野田 岩手 陸中野田
47%
成田 山形 羽前成田
47%
流山 千葉 流山セントラルパーク
47%
府中 香川 讃岐府中
47%
多摩 東京 多摩動物公園
47%
川崎 神奈川 川崎新町
47%
佐野 和歌山 紀伊佐野
44%
我孫子 大阪 我孫子前
44%
調布 東京 田園調布
44%
日野 山梨 日野春
44%
横浜 神奈川 羽沢横浜国大
44%
大和 東京 武蔵大和
44%
大和 奈良 大和朝倉
44%
日立 福島 日立木
42%
宇都宮 栃木 宇都宮大学陽東キャンパス
42%
太田 福島 磐城太田
42%
熊谷 埼玉 上熊谷
42%
鴻巣 茨城 常陸鴻巣
42%
富士見 神奈川 | 鳥取 富士見町
42%
千葉 千葉 千葉公園
42%
市川 青森 陸奥市川
42%
多摩 東京 多摩境
42%
多摩 東京 和泉多摩川
42%
横須賀 愛知 高横須賀
42%
鎌倉 神奈川 西鎌倉
42%
小山 岩手 小山田
39%
太田 秋田 羽後太田
39%
みどり 長野 みどり湖
39%
川口 岐阜 白川口
39%
羽生 新潟 羽生田
39%
野田 山口 小野田港
39%
宮城 | 宮崎 | 富山 旭ヶ丘
39%
高崎 群馬 高崎商科大学前
36%
川口 徳島 阿波川口
36%
富士見 東京 中野富士見町
36%
佐賀 肥前旭
36%
青梅 東京 青梅街道
36%
多摩 東京 南多摩
36%
多摩 東京 京王多摩川
36%
横須賀 愛知 上横須賀
36%
牛久 愛知 牛久保
33%
沼田 神奈川 相模沼田
33%
川口 大阪 安治川口
33%
野田 北海道 野田生
33%
野田 愛知 野田新町
33%
北海道 柏林台
33%
愛知 柏森
33%
大阪 柏原南口
33%
立川 愛媛 伊予立川
33%
川崎 高知 江川崎
33%
鎌倉 三重 伊勢鎌倉
33%
大和 大阪 大和川
33%
大和 奈良 大和新庄
33%
大和 奈良 大和二見
33%
大和 奈良 大和上市
33%
佐野 岩手 小佐野
31%
高崎 宮崎 高崎新田
31%
川口 三重 伊勢川口
31%
本庄 広島 備後本庄
31%
三郷 富山 越中三郷
31%
市川 山梨 市川本町
31%
秋田 泉外旭川
31%
日野 三重 西日野
31%
多摩 東京 奥多摩
31%
大和 千葉 京成大和田
31%
富岡 愛知 富岡前
28%
川口 岩手 岩手川口
28%
川口 京都 上川口
28%
野田 岩手 野田玉川
28%
多摩 東京 多摩湖
28%
佐野 群馬 佐野のわたし
25%
下野 茨城 下野宮
25%
吉川 秋田 峰吉川
25%
八千代 長崎 八千代町
25%
我孫子 大阪 我孫子道
25%
立川 岩手 立川目
25%
川崎 福岡 豊前川崎
25%
桐生 群馬 桐生球場前
22%
川口 高知 土佐上川口
22%
上尾 北海道 上尾幌
22%
東金 山形 東金井
22%
茨城 鹿島旭
22%
愛知 旭前
22%
日野 滋賀 朝日野
22%
戸田 島根 戸田小浜
19%
久喜 青森 大久喜
19%
高知 旭町一丁目
19%
高知 旭駅前通
19%
北海道 柏陽
19%
三重 伊勢柏崎
19%
日野 埼玉 武州日野
19%
日野 兵庫 春日野道
19%
野田 愛知 野田城
17%
野田 鹿児島 北永野田
17%
高知 旭町三丁目
17%
岡山 玉柏
17%
白井 岩手 白井海岸
17%
北海道 西線9条旭山公園通
17%
小山 静岡 川根小山
14%
沼田 新潟 魚沼田中
14%
川口 富山 庄川口
14%
野田 鹿児島 野田郷
14%
長野 柏矢町
14%
大和 岐阜 郡上大和
14%
富岡 岐阜 関富岡
11%
川口 広島 舟入川口町
11%
北海道 柏木町
11%
下野 三重 下野代
8%
川口 北海道 清川口
8%
深谷 三重 下深谷
8%
岩手 柏木平
8%
太田 長野 太田部
6%
青森 柏農高校前
3%
No matching quizzes found
Score Distribution
Percent of People with Each Score
Percentile by Number Answered
Your Score History
You have not taken this quiz